Normal view
MARC view
Entry Personal Name
001 - CONTROL NUMBER
- control field: 51474
003 - CONTROL NUMBER IDENTIFIER
- control field: OSt
005 - DATE AND TIME OF LATEST TRANSACTION
- control field: 20250321164644.0
008 - FIXED-LENGTH DATA ELEMENTS
- fixed length control field: 250321|| aca||aabn | a|a d
040 ## - CATALOGING SOURCE
- Original cataloging agency: OSt
- Transcribing agency: OSt
100 ## - HEADING--PERSONAL NAME
- Personal name: Khan,S.T., Bhat, M.A. and Saeed, W.
670 ## - SOURCE DATA FOUND
- Source citation: Work cat.: (OSt)525629: Khan,S.T., Bhat, M.A. and Saeed, W. , Financial strain, Covid-19 anxiety and suicidal ideation among wage workers during the pandemic crisis 2019
